000 00516nam a2200193Ia 4500
005 20250923144347.0
008 008 250917s9999 xx 000 0 eng d
037 _aTextual
040 _aDSWL
_beng
_cDSWL
041 _aeng
_2eng
084 _aX9:294:2:N3, H5
_qDSWL
245 0 _aLocation of industry in India
260 _aNew Delhi
_b Manager of Publications
_c1945
300 _a101p.
365 _aINR
_b8
925 _g8
942 _cTEXL
_hX9:294:2:N3, H5
999 _c1437901
_d1437901